000 00801nam a22002057a 4500
999 _c1300
_d1300
005 20251125232736.0
008 s2531 th tha d
040 _aNALT
041 _atha
050 _aDS578.32 ส888ป 2531
100 0 _aเสกสรรค์ ประเสริฐกุล
245 1 0 _aปากคำประวัติศาสตร์ รวมบทสัมภาษณ์ของเสกสรรค์ ประเสริฐกุล
260 3 _aกรุงเทพฯ :
_bธรณ์ธวัช,
_c2531
300 _a199 หน้า ;
_b 21 ซม.
650 0 4 _aเสกสรรค์ ประเสริฐ, 2492--
850 _aNALT
856 4 0 _uhttps://hdl.handle.net/20.500.14156/444257
_71
942 _cGB
_2lcc